00642nam a2200157 a 4500008004100000050001600041100002400057245010400081250001200185260003800197300001500235350000900250995008400259999001700343952012400360120416s1976 ||||||||||||||||| || u aNA 2750 Pla aMills, Edward David10aPlanning : buildings for administration, entertainment and recreationcedited by Edward David Mills a9th ed. aLondonbNewnes-Butterworthsc1976 a5v. : ill. a0.00 D0.00FCBU-MAIN LIBRARY (Kitwe)H1I0.00UAVAILABLEZAnnex Low-Usage Collection  c53699d53699 00102lcc4070a001b001cAnnex Low-Usage Collection d2022-11-30l0oNA 2750 Plap009965r2022-11-30w2022-11-30y002